000 00444pam a2200157 a 4500
020 _a0801426405
040 _cDLC
082 0 0 _a338 COR 1993 A075 Or.
245 0 0 _aStructural change and small-farm agriculture in Northwest Portugal /
260 _aIthaca :
_bCornell University Press,
_c1993.
300 _axviii, 223 p. :
_bill., map ;
_c24 cm.
650 0 _aFarms, Small
650 0 _aAgriculture
700 1 _aMonke, Eric A.
942 _cEK
999 _c15350
_d15350